Academic achievement of higher education students: influence of academic procrastination and self-efficacy (Record no. 110349)

000 -LEADER
fixed length control field 00552pab a2200193 454500
008 - FIXED-LENGTH DATA ELEMENTS--GENERAL INFORMATION
fixed length control field 180718b2015 xxu||||| |||| 00| 0 eng d
100 ## - MAIN ENTRY--PERSONAL NAME
Personal name Malliick, Mihir Kumar
245 ## - TITLE STATEMENT
Title Academic achievement of higher education students: influence of academic procrastination and self-efficacy
260 ## - PUBLICATION, DISTRIBUTION, ETC.
Date of publication, distribution, etc. 2015
300 ## - PHYSICAL DESCRIPTION
Extent p.1091-1103.
362 ## - DATES OF PUBLICATION AND/OR SEQUENTIAL DESIGNATION
Dates of publication and/or sequential designation Oct-Dec
650 ## - SUBJECT ADDED ENTRY--TOPICAL TERM
Topical term or geographic name entry element Self discipline
650 ## - SUBJECT ADDED ENTRY--TOPICAL TERM
Topical term or geographic name entry element Students
650 ## - SUBJECT ADDED ENTRY--TOPICAL TERM
Topical term or geographic name entry element Higher education
650 ## - SUBJECT ADDED ENTRY--TOPICAL TERM
Topical term or geographic name entry element Academic achievement
700 ## - ADDED ENTRY--PERSONAL NAME
Personal name Singh, Kahan
773 ## - HOST ITEM ENTRY
Main entry heading Man in India
909 ## -
-- 110354
Holdings
Withdrawn status Lost status Damaged status Not for loan Permanent Location Current Location Date acquired Serial Enumeration / chronology Barcode Date last seen Price effective from Koha item type
        Indian Institute of Public Administration Indian Institute of Public Administration 2018-07-19 Volume no: 95, Issue no: 4 AR110814 2018-07-19 2018-07-19 Articles

Powered by Koha